| 000 | 01107nam a22002177a 4500 | ||
|---|---|---|---|
| 999 |
_c7652 _d7652 |
||
| 005 | 20251125232815.0 | ||
| 008 | s2538 th tha d | ||
| 040 | _aNALT | ||
| 041 | _atha | ||
| 050 |
_aJQ1746 _bป238ค 2538 |
||
| 245 | 1 | 0 | _aใครเป็นใครในทำเนียบ สารชาวบ้านฉบับพิเศษ |
| 260 | 3 |
_aกรุงเทพฯ : _bฝ่ายเผยแพร่ความรู้และบริการ กรมประชาสัมพันธ์, _c2538 |
|
| 300 |
_a65 หน้า : _bภาพประกอบ |
||
| 650 | 0 | 4 | _aคณะรัฐมนตรี -- ทำเนียบนาม |
| 650 | 0 | 4 | _aคำแถลงนโยบาย -- บรรหาร ศิลปอาชา |
| 650 | 0 | 4 | _aรัฐบาล (บรรหาร ศิลปอาชา) -- ทำเนียบนาม |
| 650 | 0 | 4 | _aสมาชิกสภาผู้แทนราษฎร -- 2 กรกฎาคม 2538 |
| 850 | _aNALT | ||
| 856 | 4 | 0 | _uhttps://hdl.handle.net/20.500.14156/336572 |
| 942 |
_cGB _2lcc |
||